000 01052cas a2200265 4500
008 090510c19039999fr qr p 0 0fre
010 _a 52023077
022 _a0023-8376
040 _aDLC
_cMnMULS
_dCtY
_dOCoLC
_dNIC
_dDLC
_dOCoLC
_dAIP
_dNST
_dWaU
_dOCoLC
050 0 0 _aPB2
_b.L35
050 0 0 _aPB2
_b.L35
210 0 _aLang. mod.
245 0 4 _aLes Langues modernes.
260 _a[Paris]
_bAssociation des professeurs de langues vivantes de l'enseignement public.
300 _av.
_c22 cm.
310 _aQuarterly,
_b<1996- >
321 _aSix no. a year,
_b19 -19
362 1 _aBegan with May 1903 issue.
500 _a"La revue trimestrielle de l'Association des professeurs de langues vivantes de l'enseignement public."
515 _aIssues for <1996- > called <90. annâee, no 1 (fâevr. mars avril 1996)- >
650 0 _aLanguages, Modern
_vPeriodicals.
710 2 _aAssociation des professeurs de langues vivantes de l'enseignement public.
770 0 _tPolyglotte
_x1145-1742
_w(DLC)sn 98048896
_w(OCoLC)22637922
942 _2ddc
_cBK
999 _c110062
_d110062